000 03989nam a2200349 a 4500
003 OSt
005 20250422092115.0
007 cr ||||||a|c|a
008 250219s2024 mx a|||fom||| 001 0 spa d
040 _erda
100 1 _aSantiago Hernández, Noe
_9189850
245 1 0 _aPropuesta técnica de compensación ambiental por cambio de uso de suelo del Ejido Alcantarillas, Apan, Hidalgo /
_cpor Noe Santiago Hernández; director de tesis Javier Santillán Pérez; secretario Jesús Manuel Cabrera Delgado; vocal Esperanza García Pascual; suplente Daniela Garibay Prado; suplente Martha Elena Aguilar López.
264 1 _aChapingo, México :
_bEl autor,
_c2024.
300 _a1 recurso en línea (128 páginas);
_bfiguras, cuadros.
336 _2rdacontent
_atexto
_btxt
337 _2rdamedia
_acomputadora
_bc
338 _2rdacarrier
_arecurso en línea
_bcr
502 _bIRF
_cDICIFO
_d2024.
_gLIC
504 _aIncluye referencias bibliográficas: páginas 101-108.
520 _aEl Ejido Alcantarillas se ubica al norte de Apan, municipio localizado al sur del estado de Hidalgo y forma parte del altiplano Hidalguense. Como resultado de las actividades humanas el suelo del ejido presenta una degradación alta, favorecida por la erosión hídrica y desaparición de la cobertura vegetal. A nivel nacional, la Comisión Nacional Forestal (CONAFOR) implementa desde el 2005 el programa de Compensación Ambiental por Cambio de Uso de Suelo en Terrenos forestales (CACUSTF), quien proporciona incentivos económicos para implementar obras y prácticas de conservación de suelos y restauración forestal para compensar los servicios ambientales. Se realizó un análisis de las áreas prioritarias y se seleccionó un área degradada del ejido; se delimitó el área, se describieron las condiciones y características del suelo, así como el tipo y nivel de degradación; además se obtuvo el Índice de Simpson y se calcularon los parámetros de la Ecuación Universal de Pérdida de Suelo (EUPS) “R, K, L, S, C, P”). Bajo la metodología empleada se registraron seis especies vegetales en el estrato herbáceo y dos en el arbustivo; no se registraron especies arbóreas en los sitios levantados, se calculó una perdida potencial de 269.06 ton/ha/año de suelo Se generó cartografía especializada del área y se determinó la necesidad de reforestar y realizar 30,710 terrazas individuales con Pinus rudis y P. cembroides, con reposición para el año dos con 12, 284 plántulas. Se propone para el año uno acondicionar 5,400 metros lineales de barreras vivas de nopal, 3,600 metros lineales de barreras de piedra acomodada, así como 48 m3 de presas de piedra acomodada, 3 kilómetros de brechas cortafuego con su respectiva rehabilitación; cercado con postes de fierro para una longitud de 2.7 kilómetros. El presupuesto calculado considero la protección, obras de conservación de suelos, reforestación, mantenimiento, monitoreo, incentivo a la restauración y el costo de asistencia técnica. El costo total del proyecto asciende a $756,225.92 MXN. Con las actividades propuestas se espera disminuir la pérdida de suelo y mejorar las condiciones ambientales del área con acciones de involucramiento social y generación de empleos para los habitantes del ejido.
650 4 _aSuelos
_xConservación
_9110283
650 4 _aSuelos
_xDegradación
_9110336
650 4 _aReforestación
_xHidalgo
_995493
650 4 _aCambio climático
_xEfecto en suelos
_9132129
700 1 _aSantillán Pérez, Javier
_9102430
_eDirector de tesis.
700 1 _aCabrera Delgado, Jesús Manuel
_916657
_eSecretario.
700 1 _aGarcía Pascual, Esperanza
_9134281
_evocal.
700 1 _aGaribay Prado, Daniela
_9190120
_eSuplente.
700 1 _aAguilar López, Martha Elena
_9190121
_eSuplente.
856 _uhttp://10.13.5.2/tesis/tl/1112190_1_SANTIAGO_HERNANDEZ_NOE.pdf
_zDESCARGAR PDF
942 _2Clasificación Universidad Autónoma Chapingo
_cTD
999 _c220460
_d220460